| Tag |
First Indicator |
Second Indicator |
Subfields |
| LEADER |
00000cam a2200000 a 4500 |
| 001 |
in00000976421 |
| 005 |
20150927081108.0 |
| 008 |
900829s1990 mdu f00000 eng d |
| 010 |
|
|
|a gp 90020493
|
| 035 |
|
|
|a (OCoLC)22293650
|
| 035 |
|
|
|9 AEV8186AM
|
| 040 |
|
|
|a GPO
|c GPO
|d UtOrBLW
|
| 043 |
|
|
|a n-us---
|
| 074 |
|
|
|a 424
|
| 086 |
0 |
|
|a D 301.2:H 62/18
|
| 245 |
0 |
0 |
|a History of the Special Air Mission units :
|b the Washington National Airport Staff and the 503rd Army Air Forces Base Unit (503 AAFB) : 1943-1947.
|
| 264 |
|
1 |
|a Andrews AFB, Md. :
|b Office of History, 89th Military Airlift Wing,
|c [1990?]
|
| 300 |
|
|
|a xliii, 247 pages ;
|c 28 cm.
|
| 336 |
|
|
|a text
|b txt
|2 rdacontent
|
| 337 |
|
|
|a unmediated
|b n
|2 rdamedia
|
| 338 |
|
|
|a volume
|b nc
|2 rdacarrier
|
| 500 |
|
|
|a Cover title.
|
| 500 |
|
|
|a Shipping list number: 90-409-P.
|
| 610 |
1 |
0 |
|a United States.
|b Army Air Forces.
|b Washington National Airport Staff Squadron
|x History.
|
| 610 |
1 |
0 |
|a United States.
|b Army Air Forces.
|b Base Unit, 503rd
|x History.
|
| 650 |
|
0 |
|a Airlift, Military
|z United States
|x History.
|
| 710 |
1 |
|
|a United States.
|b Air Force.
|b Military Airlift Wing, 89th.
|b Office of History.
|
| 999 |
|
|
|a MARS
|
| 999 |
f |
f |
|s f3f3ac5b-60ce-3ea6-85f0-810c51505932
|i bc553aa0-3271-38e6-8820-195b2f732118
|t 0
|
| 952 |
f |
f |
|p normal
|a Texas A&M University
|b College Station
|c Sterling C. Evans Library
|d Evans: US Documents (Annex 5th floor)
|t 0
|e D 301.2:H 62/18
|h Superintendent of Documents classification
|i unmediated -- volume
|m A14815790780
|
| 998 |
f |
f |
|a D 301.2:H 62/18
|t 0
|l Evans: US Documents (Annex 5th floor)
|